[Event "DVM U16 2023"]
[Site "Magdeburg GER"]
[Date "2023.12.30"]
[Round "7"]
[White "Trunz, Michelle"]
[Black "Fuhrmann, Bahne"]
[Result "0-1"]
[Termination "normal"]
[Board "6.1"]
[WhiteElo "2024"]
[BlackElo "2032"]
[WhiteClock "00:01:26"]
[BlackClock "00:09:39"]
[WhiteTeam "SG Porz"]
[BlackTeam "Hamburger SK 1830"]
[PlyCount "146"]
[WhiteFideId "16227980"]
[BlackFideId "16244842"]
[EventCountry "GER"]
[EventRounds "7"]
[EventType "team-swiss"]
[EventDate "2023.12.26"]

1. d4 {[%clk 01:30:58]} {[%emt 00:00:01]} Nf6 {[%clk 01:30:57]} {[%emt
00:00:04]} 2. c4 {[%clk 01:31:24]} {[%emt 00:00:04]} e6 {[%clk 01:31:07]}
{[%emt 00:00:19]} 3. Nf3 {[%clk 01:29:18]} {[%emt 00:02:36]} d5 {[%clk
01:30:59]} {[%emt 00:00:38]} 4. Bg5 {[%clk 01:27:19]} {[%emt 00:02:30]} Be7
{[%clk 01:30:41]} {[%emt 00:00:47]} 5. Nc3 {[%clk 01:27:15]} {[%emt 00:00:35]}
h6 {[%clk 01:30:13]} {[%emt 00:00:58]} 6. Bh4 {[%clk 01:27:24]} {[%emt
00:00:21]} O-O {[%clk 01:30:35]} {[%emt 00:00:08]} 7. e3 {[%clk 01:27:44]}
{[%emt 00:00:10]} b6 {[%clk 01:30:58]} {[%emt 00:00:06]} 8. cxd5 {[%clk
01:25:23]} {[%emt 00:02:51]} Nxd5 {[%clk 01:31:02]} {[%emt 00:00:26]} 9. Bxe7
{[%clk 01:24:57]} {[%emt 00:00:56]} Qxe7 {[%clk 01:29:40]} {[%emt 00:01:52]}
10. Nxd5 {[%clk 01:24:22]} {[%emt 00:01:04]} exd5 {[%clk 01:30:07]} {[%emt
00:00:02]} 11. Bd3 {[%clk 01:24:27]} {[%emt 00:00:25]} Be6 {[%clk 01:28:05]}
{[%emt 00:02:33]} 12. O-O {[%clk 01:24:36]} {[%emt 00:00:21]} Nd7 {[%clk
01:27:56]} {[%emt 00:00:39]} 13. Rc1 {[%clk 01:23:11]} {[%emt 00:01:56]} c5
{[%clk 01:28:03]} {[%emt 00:00:22]} 14. b3 {[%clk 01:17:55]} {[%emt 00:05:47]}
Rfc8 {[%clk 01:27:40]} {[%emt 00:00:53]} 15. Qe2 {[%clk 01:16:48]} {[%emt
00:01:37]} a5 {[%clk 01:24:52]} {[%emt 00:03:18]} 16. e4 {[%clk 00:57:33]}
{[%emt 00:19:45]} Nf6 {[%clk 01:09:53]} {[%emt 00:15:29]} 17. Rfe1 {[%clk
00:50:48]} {[%emt 00:07:15]} a4 {[%clk 00:58:39]} {[%emt 00:11:43]} 18. exd5
{[%clk 00:43:38]} {[%emt 00:07:41]} Nxd5 {[%clk 00:59:00]} {[%emt 00:00:09]}
19. dxc5 {[%clk 00:43:04]} {[%emt 00:01:04]} Nf4 {[%clk 00:57:50]} {[%emt
00:01:39]} 20. Qe4 {[%clk 00:42:48]} {[%emt 00:00:46]} Nxd3 {[%clk 00:56:47]}
{[%emt 00:01:33]} 21. Qxd3 {[%clk 00:43:17]} {[%emt 00:00:01]} bxc5 {[%clk
00:55:43]} {[%emt 00:01:35]} 22. Ne5 {[%clk 00:42:31]} {[%emt 00:01:15]} axb3
{[%clk 00:50:35]} {[%emt 00:05:38]} 23. axb3 {[%clk 00:42:44]} {[%emt
00:00:17]} Rab8 {[%clk 00:50:52]} {[%emt 00:00:13]} 24. Nc4 {[%clk 00:36:48]}
{[%emt 00:06:26]} Rb4 {[%clk 00:50:37]} {[%emt 00:00:45]} 25. Re3 {[%clk
00:32:27]} {[%emt 00:04:51]} Rcb8 {[%clk 00:49:53]} {[%emt 00:01:14]} 26. Qc2
{[%clk 00:23:51]} {[%emt 00:09:06]} Qg5 {[%clk 00:31:18]} {[%emt 00:19:04]} 27.
Rce1 {[%clk 00:17:28]} {[%emt 00:06:53]} Bf5 {[%clk 00:24:02]} {[%emt
00:07:47]} 28. Qd1 {[%clk 00:14:16]} {[%emt 00:03:41]} Kh7 {[%clk 00:20:29]}
{[%emt 00:04:03]} 29. Qf3 {[%clk 00:10:11]} {[%emt 00:04:36]} Be6 {[%clk
00:19:02]} {[%emt 00:01:57]} 30. Qe4+ {[%clk 00:07:07]} {[%emt 00:03:34]} Kg8
{[%clk 00:19:05]} {[%emt 00:00:27]} 31. Rg3 {[%clk 00:04:56]} {[%emt 00:02:41]}
Qf6 {[%clk 00:19:25]} {[%emt 00:00:10]} 32. Rf3 {[%clk 00:04:55]} {[%emt
00:00:31]} Qd4 {[%clk 00:19:12]} {[%emt 00:00:43]} 33. Qxd4 {[%clk 00:04:06]}
{[%emt 00:01:19]} cxd4 {[%clk 00:17:19]} {[%emt 00:02:23]} 34. Ne5 {[%clk
00:02:58]} {[%emt 00:01:38]} Rxb3 {[%clk 00:16:19]} {[%emt 00:01:31]} 35. Rd1
{[%clk 00:00:34]} {[%emt 00:02:54]} f6 {[%clk 00:12:57]} {[%emt 00:03:52]} 36.
Nc6 {[%clk 00:00:35]} {[%emt 00:00:29]} Rb1 {[%clk 00:12:15]} {[%emt 00:01:11]}
37. Rfd3 {[%clk 00:00:48]} {[%emt 00:00:17]} Bc4 {[%clk 00:09:03]} {[%emt
00:03:42]} 38. Rxd4 {[%clk 00:00:36]} {[%emt 00:00:42]} Be2 {[%clk 00:09:28]}
{[%emt 00:00:05]} 39. Nxb8 {[%clk 00:00:34]} {[%emt 00:00:33]} Bxd1 {[%clk
00:09:53]} {[%emt 00:00:05]} 40. Rd8+ {[%clk 00:00:59]} {[%emt 00:00:05]} Kf7
{[%clk 00:09:52]} {[%emt 00:00:30]} 41. h3 {[%clk 00:30:30]} {[%emt 00:00:59]}
Ba4+ {[%clk 00:34:28]} {[%emt 00:05:55]} 42. Kh2 {[%clk 00:30:52]} {[%emt
00:00:07]} Ke7 {[%clk 00:34:45]} {[%emt 00:00:13]} 43. Rd4 {[%clk 00:16:22]}
{[%emt 00:15:01]} Bb5 {[%clk 00:34:35]} {[%emt 00:00:39]} 44. Kg3 {[%clk
00:12:08]} {[%emt 00:04:44]} Ra1 {[%clk 00:22:11]} {[%emt 00:12:54]} 45. Rd5
{[%clk 00:08:19]} {[%emt 00:04:20]} Be8 {[%clk 00:22:31]} {[%emt 00:00:09]} 46.
Rc5 {[%clk 00:06:49]} {[%emt 00:02:00]} Kd6 {[%clk 00:22:36]} {[%emt 00:00:25]}
47. Rc8 {[%clk 00:06:36]} {[%emt 00:00:43]} Bb5 {[%clk 00:22:36]} {[%emt
00:00:30]} 48. Rg8 {[%clk 00:06:43]} {[%emt 00:00:22]} Ra7 {[%clk 00:17:56]}
{[%emt 00:05:11]} 49. Kh4 {[%clk 00:05:13]} {[%emt 00:02:00]} Re7 {[%clk
00:17:26]} {[%emt 00:01:00]} 50. Rc8 {[%clk 00:04:23]} {[%emt 00:01:19]} Rc7
{[%clk 00:16:51]} {[%emt 00:01:06]} 51. Rd8+ {[%clk 00:04:28]} {[%emt
00:00:26]} Kc5 {[%clk 00:17:14]} {[%emt 00:00:07]} 52. Kh5 {[%clk 00:04:27]}
{[%emt 00:00:31]} Kb6 {[%clk 00:16:25]} {[%emt 00:01:18]} 53. Kg6 {[%clk
00:03:54]} {[%emt 00:01:03]} Kb7 {[%clk 00:14:02]} {[%emt 00:02:53]} 54. Nd7
{[%clk 00:03:11]} {[%emt 00:01:13]} Bxd7 {[%clk 00:12:45]} {[%emt 00:01:46]}
55. Kxg7 {[%clk 00:03:34]} {[%emt 00:00:08]} Bxh3 {[%clk 00:12:07]} {[%emt
00:01:08]} 56. Kxf6 {[%clk 00:03:05]} {[%emt 00:00:59]} Rc6+ {[%clk 00:10:44]}
{[%emt 00:01:53]} 57. Ke5 {[%clk 00:03:13]} {[%emt 00:00:22]} Bxg2 {[%clk
00:09:25]} {[%emt 00:01:49]} 58. f4 {[%clk 00:02:50]} {[%emt 00:00:54]} Bh3
{[%clk 00:08:07]} {[%emt 00:01:48]} 59. Rd3 {[%clk 00:02:26]} {[%emt 00:00:53]}
Bg4 {[%clk 00:07:27]} {[%emt 00:01:10]} 60. Rg3 {[%clk 00:01:11]} {[%emt
00:01:45]} h5 {[%clk 00:07:40]} {[%emt 00:00:18]} 61. Ke4 {[%clk 00:01:10]}
{[%emt 00:00:31]} Re6+ {[%clk 00:07:39]} {[%emt 00:00:30]} 62. Kd4 {[%clk
00:01:24]} {[%emt 00:00:16]} Kc6 {[%clk 00:07:53]} {[%emt 00:00:17]} 63. Rg1
{[%clk 00:01:22]} {[%emt 00:00:32]} Kd6 {[%clk 00:08:09]} {[%emt 00:00:13]} 64.
Rh1 {[%clk 00:01:30]} {[%emt 00:00:22]} Ke7 {[%clk 00:07:24]} {[%emt 00:01:14]}
65. f5 {[%clk 00:00:57]} {[%emt 00:01:04]} Rf6 {[%clk 00:07:35]} {[%emt
00:00:20]} 66. Ke3 {[%clk 00:00:55]} {[%emt 00:00:32]} Rxf5 {[%clk 00:07:58]}
{[%emt 00:00:07]} 67. Rh2 {[%clk 00:00:59]} {[%emt 00:00:26]} Rf3+ {[%clk
00:08:00]} {[%emt 00:00:28]} 68. Ke4 {[%clk 00:01:22]} {[%emt 00:00:08]} Kf6
{[%clk 00:08:15]} {[%emt 00:00:14]} 69. Rh1 {[%clk 00:01:21]} {[%emt 00:00:31]}
Kg5 {[%clk 00:08:39]} {[%emt 00:00:07]} 70. Rh2 {[%clk 00:01:46]} {[%emt
00:00:05]} Rf1 {[%clk 00:08:29]} {[%emt 00:00:39]} 71. Ke3 {[%clk 00:01:58]}
{[%emt 00:00:18]} Re1+ {[%clk 00:08:51]} {[%emt 00:00:07]} 72. Kd2 {[%clk
00:01:38]} {[%emt 00:00:51]} Re6 {[%clk 00:09:14]} {[%emt 00:00:07]} 73. Rf2
{[%clk 00:01:26]} {[%emt 00:00:42]} h4 {[%clk 00:09:39]} {[%emt 00:00:06]} 0-1

[Event "DVM U16 2023"]
[Site "Magdeburg GER"]
[Date "2023.12.30"]
[Round "7"]
[White "Krüger, Arthur"]
[Black "Holzwarth, Felix"]
[Result "1/2-1/2"]
[Termination "normal"]
[Board "6.2"]
[WhiteElo "1886"]
[BlackElo "1774"]
[WhiteClock "00:00:44"]
[BlackClock "00:10:38"]
[WhiteTeam "Hamburger SK 1830"]
[BlackTeam "SG Porz"]
[PlyCount "200"]
[WhiteFideId "16244966"]
[BlackFideId "34621377"]
[EventCountry "GER"]
[EventRounds "7"]
[EventType "team-swiss"]
[EventDate "2023.12.26"]

1. d4 {[%clk 01:30:59]} d5 {[%clk 01:30:46]} {[%emt 00:00:14]} 2. Bf4 {[%clk
01:30:35]} {[%emt 00:00:53]} Nf6 {[%clk 01:31:12]} {[%emt 00:00:05]} 3. e3
{[%clk 01:31:01]} {[%emt 00:00:04]} c5 {[%clk 01:31:39]} {[%emt 00:00:03]} 4.
c3 {[%clk 01:31:25]} {[%emt 00:00:06]} Nc6 {[%clk 01:31:58]} {[%emt 00:00:11]}
5. Nd2 {[%clk 01:31:32]} {[%emt 00:00:23]} cxd4 {[%clk 01:31:55]} {[%emt
00:00:33]} 6. exd4 {[%clk 01:31:52]} {[%emt 00:00:09]} Bf5 {[%clk 01:32:15]}
{[%emt 00:00:10]} 7. Qb3 {[%clk 01:31:50]} {[%emt 00:00:32]} Qc8 {[%clk
01:22:49]} {[%emt 00:09:56]} 8. Ngf3 {[%clk 01:31:02]} {[%emt 00:01:16]} e6
{[%clk 01:18:41]} {[%emt 00:04:40]} 9. h3 {[%clk 01:28:57]} {[%emt 00:02:34]}
h6 {[%clk 01:17:35]} {[%emt 00:01:37]} 10. Be2 {[%clk 01:22:25]} {[%emt
00:06:52]} Be7 {[%clk 01:17:45]} {[%emt 00:00:32]} 11. O-O {[%clk 01:21:35]}
{[%emt 00:01:18]} O-O {[%clk 01:17:09]} {[%emt 00:01:06]} 12. Rfe1 {[%clk
01:18:25]} {[%emt 00:03:38]} a6 {[%clk 01:04:45]} {[%emt 00:12:57]} 13. Bh2
{[%clk 01:08:59]} {[%emt 00:09:55]} b5 {[%clk 01:02:13]} {[%emt 00:03:02]} 14.
Ne5 {[%clk 01:06:10]} {[%emt 00:03:18]} Na5 {[%clk 00:57:31]} {[%emt 00:05:13]}
15. Qd1 {[%clk 01:05:30]} {[%emt 00:01:10]} Nc4 {[%clk 00:55:29]} {[%emt
00:02:33]} 16. Qc1 {[%clk 00:53:18]} {[%emt 00:12:40]} Nxd2 {[%clk 00:44:58]}
{[%emt 00:11:01]} 17. Qxd2 {[%clk 00:53:19]} {[%emt 00:00:29]} Ne4 {[%clk
00:45:03]} {[%emt 00:00:25]} 18. Qd1 {[%clk 00:46:39]} {[%emt 00:07:11]} Qb7
{[%clk 00:40:46]} {[%emt 00:04:47]} 19. Bd3 {[%clk 00:39:20]} {[%emt 00:07:48]}
b4 {[%clk 00:39:03]} {[%emt 00:02:13]} 20. Rb1 {[%clk 00:12:21]} {[%emt
00:27:29]} Rfc8 {[%clk 00:22:49]} {[%emt 00:16:44]} 21. f3 {[%clk 00:10:48]}
{[%emt 00:02:02]} Nd6 {[%clk 00:22:49]} {[%emt 00:00:31]} 22. g4 {[%clk
00:10:35]} {[%emt 00:00:42]} Bxd3 {[%clk 00:22:11]} {[%emt 00:01:09]} 23. Qxd3
{[%clk 00:10:55]} {[%emt 00:00:10]} Nb5 {[%clk 00:20:06]} {[%emt 00:02:35]} 24.
Qe3 {[%clk 00:07:00]} {[%emt 00:04:24]} bxc3 {[%clk 00:18:14]} {[%emt
00:02:23]} 25. bxc3 {[%clk 00:06:49]} {[%emt 00:00:41]} Qa7 {[%clk 00:18:27]}
{[%emt 00:00:16]} 26. Rb3 {[%clk 00:05:56]} {[%emt 00:01:24]} Bf6 {[%clk
00:15:11]} {[%emt 00:03:46]} 27. Reb1 {[%clk 00:03:18]} {[%emt 00:03:08]} Bxe5
{[%clk 00:13:21]} {[%emt 00:02:21]} 28. Bxe5 {[%clk 00:03:00]} {[%emt
00:00:48]} f6 {[%clk 00:09:31]} {[%emt 00:04:20]} 29. Bg3 {[%clk 00:01:18]}
{[%emt 00:02:12]} Qd7 {[%clk 00:04:29]} {[%emt 00:05:31]} 30. a4 {[%clk
00:01:08]} {[%emt 00:00:40]} Nd6 {[%clk 00:04:33]} {[%emt 00:00:26]} 31. Rb6
{[%clk 00:00:54]} {[%emt 00:00:44]} Nc4 {[%clk 00:04:42]} {[%emt 00:00:22]} 32.
Qxe6+ {[%clk 00:01:19]} {[%emt 00:00:04]} Qxe6 {[%clk 00:05:06]} {[%emt
00:00:06]} 33. Rxe6 {[%clk 00:01:46]} {[%emt 00:00:03]} Nd2 {[%clk 00:05:18]}
{[%emt 00:00:18]} 34. Rb7 {[%clk 00:01:23]} {[%emt 00:00:53]} Re8 {[%clk
00:02:03]} {[%emt 00:03:45]} 35. Rxe8+ {[%clk 00:01:17]} {[%emt 00:00:36]} Rxe8
{[%clk 00:02:32]} {[%emt 00:00:01]} 36. Kf2 {[%clk 00:01:11]} {[%emt 00:00:36]}
Rc8 {[%clk 00:01:53]} {[%emt 00:01:10]} 37. Rc7 {[%clk 00:00:44]} {[%emt
00:00:57]} Rxc7 {[%clk 00:01:05]} {[%emt 00:01:18]} 38. Bxc7 {[%clk 00:01:12]}
{[%emt 00:00:02]} Nc4 {[%clk 00:01:22]} {[%emt 00:00:12]} 39. h4 {[%clk
00:00:40]} {[%emt 00:01:03]} Kf7 {[%clk 00:00:51]} {[%emt 00:01:01]} 40. Bb8
{[%clk 00:00:34]} {[%emt 00:00:36]} f5 {[%clk 00:00:37]} {[%emt 00:00:45]} 41.
gxf5 {[%clk 00:26:11]} {[%emt 00:04:52]} Kf6 {[%clk 00:30:47]} {[%emt
00:00:21]} 42. Be5+ {[%clk 00:06:16]} {[%emt 00:20:24]} Nxe5 {[%clk 00:31:06]}
{[%emt 00:00:10]} 43. dxe5+ {[%clk 00:06:45]} {[%emt 00:00:02]} Kxe5 {[%clk
00:31:35]} {[%emt 00:00:01]} 44. h5 {[%clk 00:03:02]} {[%emt 00:04:13]} Kxf5
{[%clk 00:31:45]} {[%emt 00:00:21]} 45. Ke3 {[%clk 00:03:12]} {[%emt 00:00:19]}
Kg5 {[%clk 00:30:28]} 46. Kd4 {[%clk 00:03:35]} {[%emt 00:01:55]} Kxh5 {[%clk
00:30:51]} {[%emt 00:00:05]} 47. Kxd5 {[%clk 00:04:01]} {[%emt 00:00:05]} Kg5
{[%clk 00:28:51]} 48. c4 {[%clk 00:04:23]} {[%emt 00:02:37]} h5 {[%clk
00:29:14]} 49. c5 {[%clk 00:04:50]} {[%emt 00:00:11]} h4 {[%clk 00:29:38]} 50.
c6 {[%clk 00:05:19]} {[%emt 00:00:08]} h3 {[%clk 00:29:57]} 51. c7 {[%clk
00:05:48]} {[%emt 00:00:12]} h2 {[%clk 00:30:08]} 52. c8=Q {[%clk 00:06:14]}
{[%emt 00:00:21]} h1=Q {[%clk 00:30:30]} 53. Qxa6 {[%clk 00:04:12]} {[%emt
00:02:41]} Qxf3+ {[%clk 00:30:47]} 54. Kc5 {[%clk 00:02:54]} {[%emt 00:02:00]}
Qf5+ {[%clk 00:27:27]} 55. Kb4 {[%clk 00:02:02]} {[%emt 00:04:35]} Qb1+ {[%clk
00:27:31]} 56. Kc3 {[%clk 00:02:02]} {[%emt 00:01:31]} Qe1+ {[%clk 00:27:16]}
57. Kc2 {[%clk 00:02:02]} Qe4+ {[%clk 00:27:16]} 58. Kc3 {[%clk 00:02:02]} Qe1+
{[%clk 00:27:16]} 59. Kd4 {[%clk 00:02:02]} Qa1+ {[%clk 00:27:16]} 60. Kd5
{[%clk 00:02:02]} Qh1+ {[%clk 00:27:16]} 61. Kc5 {[%clk 00:02:02]} Qg1+ {[%clk
00:27:16]} 62. Kc6 {[%clk 00:02:02]} Qh1+ {[%clk 00:27:16]} 63. Kc7 {[%clk
00:02:02]} Qh2+ {[%clk 00:27:16]} 64. Qd6 {[%clk 00:02:02]} Qa2 {[%clk
00:27:16]} 65. Qc5+ {[%clk 00:02:02]} Kh6 {[%clk 00:16:47]} {[%emt 00:21:33]}
66. a5 {[%clk 00:00:43]} {[%emt 00:00:32]} Qf7+ {[%clk 00:16:38]} {[%emt
00:00:40]} 67. Kb6 {[%clk 00:00:52]} {[%emt 00:00:21]} Qb3+ {[%clk 00:16:33]}
{[%emt 00:00:35]} 68. Qb5 {[%clk 00:00:51]} {[%emt 00:00:31]} Qe3+ {[%clk
00:16:42]} {[%emt 00:00:20]} 69. Ka6 {[%clk 00:00:55]} {[%emt 00:00:26]} g6
{[%clk 00:16:21]} {[%emt 00:00:52]} 70. Qb6 {[%clk 00:00:55]} {[%emt 00:00:29]}
Qd3+ {[%clk 00:16:27]} {[%emt 00:00:24]} 71. Kb7 {[%clk 00:00:58]} {[%emt
00:00:28]} Qd5+ {[%clk 00:16:02]} {[%emt 00:00:41]} 72. Kc7 {[%clk 00:00:39]}
{[%emt 00:01:03]} Qe5+ {[%clk 00:16:13]} {[%emt 00:00:19]} 73. Kc8 {[%clk
00:00:36]} {[%emt 00:00:32]} Qf5+ {[%clk 00:15:17]} {[%emt 00:01:26]} 74. Kb8
{[%clk 00:00:51]} {[%emt 00:00:16]} Qf8+ {[%clk 00:12:42]} {[%emt 00:03:04]}
75. Kb7 {[%clk 00:00:43]} Qf7+ {[%clk 00:11:22]} {[%emt 00:02:29]} 76. Qc7
{[%clk 00:00:38]} {[%emt 00:00:35]} Qd5+ {[%clk 00:10:29]} {[%emt 00:01:22]}
77. Kb6 {[%clk 00:00:34]} {[%emt 00:00:34]} Qd4+ {[%clk 00:09:19]} {[%emt
00:01:40]} 78. Qc5 {[%clk 00:00:45]} {[%emt 00:00:20]} Qd8+ {[%clk 00:09:33]}
{[%emt 00:00:16]} 79. Kb7 {[%clk 00:00:36]} {[%emt 00:00:38]} Qd7+ {[%clk
00:09:37]} {[%emt 00:00:26]} 80. Kb6 {[%clk 00:00:37]} {[%emt 00:00:30]} Qd8+
{[%clk 00:09:57]} {[%emt 00:00:11]} 81. Kc6 {[%clk 00:00:37]} {[%emt 00:00:29]}
Qc8+ {[%clk 00:09:32]} {[%emt 00:00:53]} 82. Kb5 {[%emt 00:00:28]} Qd7+ {[%clk
00:08:50]} {[%emt 00:01:07]} 83. Qc6 {[%clk 00:00:36]} {[%emt 00:00:41]} Qd3+
{[%clk 00:08:51]} {[%emt 00:00:27]} 84. Kb6 {[%clk 00:00:56]} {[%emt 00:00:11]}
Qd8+ {[%clk 00:09:16]} {[%emt 00:00:05]} 85. Qc7 {[%clk 00:01:04]} {[%emt
00:00:23]} Qd4+ {[%clk 00:09:38]} {[%emt 00:00:08]} 86. Ka6 {[%clk 00:01:08]}
{[%emt 00:00:25]} Qd3+ {[%clk 00:09:46]} {[%emt 00:00:23]} 87. Ka7 {[%clk
00:01:15]} {[%emt 00:00:22]} Qd4+ {[%clk 00:09:57]} {[%emt 00:00:19]} 88. Kb8
{[%clk 00:01:28]} {[%emt 00:00:17]} Qb4+ {[%clk 00:09:51]} {[%emt 00:00:34]}
89. Ka8 {[%clk 00:01:09]} {[%emt 00:00:48]} Qe4+ {[%clk 00:09:36]} {[%emt
00:00:49]} 90. Qb7 {[%clk 00:00:59]} {[%emt 00:00:40]} Qe8+ {[%clk 00:09:47]}
{[%emt 00:00:19]} 91. Ka7 {[%clk 00:01:03]} {[%emt 00:00:24]} Qe3+ {[%clk
00:09:56]} {[%emt 00:00:20]} 92. Ka6 {[%clk 00:01:03]} {[%emt 00:00:30]} Qd3+
{[%clk 00:10:07]} {[%emt 00:00:20]} 93. Qb5 {[%clk 00:01:09]} {[%emt 00:00:25]}
Qd6+ {[%clk 00:10:23]} {[%emt 00:00:13]} 94. Qb6 {[%clk 00:01:26]} {[%emt
00:00:14]} Qd3+ {[%clk 00:10:38]} {[%emt 00:00:13]} 95. Kb7 {[%clk 00:01:12]}
{[%emt 00:00:46]} Qd7+ {[%clk 00:10:40]} {[%emt 00:00:28]} 96. Qc7 {[%clk
00:01:32]} {[%emt 00:00:09]} Qd5+ {[%clk 00:10:54]} {[%emt 00:00:16]} 97. Kc8
{[%clk 00:01:47]} {[%emt 00:00:12]} Qa8+ {[%clk 00:10:41]} {[%emt 00:00:45]}
98. Kd7 {[%clk 00:01:56]} {[%emt 00:00:22]} Qd5+ {[%clk 00:11:06]} {[%emt
00:00:06]} 99. Ke7 {[%clk 00:01:16]} {[%emt 00:01:09]} Qe4+ {[%clk 00:10:41]}
{[%emt 00:00:39]} 100. Kd8 {[%clk 00:00:44]} {[%emt 00:01:19]} Qd5+ {[%clk
00:10:38]} {[%emt 00:00:32]} 1/2-1/2

[Event "DVM U16 2023"]
[Site "Magdeburg GER"]
[Date "2023.12.30"]
[Round "7"]
[White "Malchereck, Romeo"]
[Black "Wegener, Moritz"]
[Result "1/2-1/2"]
[Termination "normal"]
[Board "6.4"]
[WhiteElo "1720"]
[BlackElo "1242"]
[WhiteClock "00:14:21"]
[BlackClock "00:09:43"]
[WhiteTeam "Hamburger SK 1830"]
[BlackTeam "SG Porz"]
[PlyCount "74"]
[WhiteFideId "16265831"]
[BlackFideId "16298080"]
[EventCountry "GER"]
[EventRounds "7"]
[EventType "team-swiss"]
[EventDate "2023.12.26"]

1. e4 {[%clk 01:30:59]} b6 {[%clk 01:30:44]} {[%emt 00:00:16]} 2. d4 {[%clk
01:30:29]} {[%emt 00:00:59]} Bb7 {[%clk 01:31:03]} {[%emt 00:00:11]} 3. Bd3
{[%clk 01:30:50]} {[%emt 00:00:09]} e6 {[%clk 01:31:23]} {[%emt 00:00:09]} 4.
c3 {[%clk 01:30:31]} {[%emt 00:00:49]} d6 {[%clk 01:31:28]} {[%emt 00:00:26]}
5. Nf3 {[%clk 01:26:15]} {[%emt 00:04:46]} Nd7 {[%clk 01:31:35]} {[%emt
00:00:22]} 6. O-O {[%emt 00:01:08]} h6 {[%clk 01:31:49]} {[%emt 00:00:13]} 7.
a4 {[%clk 01:24:01]} {[%emt 00:02:10]} a6 {[%clk 01:31:08]} {[%emt 00:01:10]}
8. Re1 {[%clk 01:21:55]} {[%emt 00:02:36]} g6 {[%clk 01:30:25]} {[%emt
00:01:13]} 9. b4 {[%clk 01:17:58]} {[%emt 00:04:27]} Bg7 {[%clk 01:28:27]}
{[%emt 00:02:27]} 10. b5 {[%clk 01:09:45]} {[%emt 00:08:43]} a5 {[%clk
01:26:45]} {[%emt 00:02:12]} 11. Ba3 {[%clk 01:06:02]} {[%emt 00:04:13]} Ne7
{[%clk 01:23:56]} {[%emt 00:03:19]} 12. Nbd2 {[%clk 01:06:10]} {[%emt
00:00:23]} e5 {[%clk 01:19:10]} {[%emt 00:05:16]} 13. Rc1 {[%clk 01:02:49]}
{[%emt 00:03:50]} O-O {[%clk 01:19:08]} {[%emt 00:00:32]} 14. Qb3 {[%clk
00:58:15]} {[%emt 00:05:04]} Kh7 {[%clk 01:17:34]} {[%emt 00:02:04]} 15. dxe5
{[%clk 00:49:39]} {[%emt 00:09:07]} Nxe5 {[%clk 01:16:19]} {[%emt 00:01:45]}
16. Nxe5 {[%clk 00:48:34]} {[%emt 00:01:35]} Bxe5 {[%clk 01:14:41]} {[%emt
00:02:07]} 17. Nf3 {[%clk 00:48:46]} {[%emt 00:00:17]} Bg7 {[%clk 01:14:13]}
{[%emt 00:00:59]} 18. Nd4 {[%clk 00:45:23]} {[%emt 00:03:54]} Qd7 {[%clk
01:09:43]} {[%emt 00:04:59]} 19. f3 {[%clk 00:44:10]} {[%emt 00:01:43]} Rab8
{[%clk 00:57:37]} {[%emt 00:12:36]} 20. Rcd1 {[%clk 00:43:09]} {[%emt
00:01:32]} Be5 {[%clk 00:47:25]} {[%emt 00:10:42]} 21. Bc4 {[%clk 00:39:48]}
{[%emt 00:03:51]} Kg7 {[%clk 00:44:13]} {[%emt 00:03:43]} 22. Kh1 {[%clk
00:27:01]} {[%emt 00:13:16]} g5 {[%clk 00:39:41]} {[%emt 00:05:03]} 23. Bd5
{[%clk 00:20:54]} {[%emt 00:06:37]} Nxd5 {[%clk 00:36:48]} {[%emt 00:03:22]}
24. exd5 {[%clk 00:21:16]} {[%emt 00:00:09]} Rbe8 {[%clk 00:30:31]} {[%emt
00:06:47]} 25. Nc6 {[%clk 00:20:31]} {[%emt 00:01:15]} Bxc6 {[%clk 00:30:05]}
{[%emt 00:00:56]} 26. dxc6 {[%clk 00:20:45]} {[%emt 00:00:16]} Qe6 {[%clk
00:29:57]} {[%emt 00:00:38]} 27. c4 {[%clk 00:20:28]} {[%emt 00:00:47]} Qf6
{[%clk 00:27:08]} {[%emt 00:03:18]} 28. Rxe5 {[%clk 00:19:46]} {[%emt
00:01:12]} Rxe5 {[%clk 00:25:21]} {[%emt 00:02:17]} 29. Bb2 {[%clk 00:20:14]}
{[%emt 00:00:02]} Rfe8 {[%clk 00:25:14]} {[%emt 00:00:36]} 30. Bxe5 {[%clk
00:19:06]} {[%emt 00:01:38]} Qxe5 {[%clk 00:24:56]} {[%emt 00:00:48]} 31. h3
{[%clk 00:19:28]} {[%emt 00:00:08]} Qg3 {[%clk 00:20:58]} {[%emt 00:04:28]} 32.
Qc3+ {[%clk 00:19:47]} {[%emt 00:00:11]} Kg8 {[%clk 00:20:45]} {[%emt
00:00:42]} 33. Qf6 {[%clk 00:18:39]} {[%emt 00:01:38]} Re6 {[%clk 00:20:00]}
{[%emt 00:01:15]} 34. Qf5 {[%clk 00:17:20]} {[%emt 00:01:49]} Kg7 {[%clk
00:13:41]} {[%emt 00:06:50]} 35. Qd5 {[%clk 00:16:05]} {[%emt 00:01:45]} Kg8
{[%clk 00:11:24]} {[%emt 00:02:46]} 36. Qd4 {[%clk 00:15:50]} {[%emt 00:00:45]}
Kh7 {[%clk 00:10:16]} {[%emt 00:01:38]} 37. Rg1 {[%clk 00:14:21]} {[%emt
00:01:59]} Kg8 {[%clk 00:09:43]} {[%emt 00:01:03]} 1/2-1/2